[Event "ROM-ch U10 Girls"]
[Site "Calimanesti"]
[Date "2018.04.02"]
[Round "8"]
[White "Gheorghe, Raisa Maria"]
[Black "Dirle, Aleesia Stefania"]
[Result "1/2-1/2"]
[WhiteElo "1001"]
[BlackElo "1001"]
[PlyCount "87"]
[EventDate "2018.03.27"]
[EventType "swiss"]
[EventRounds "9"]
[EventCountry "ROU"]
[SourceTitle "CBM 183 Extra"]
[Source "ChessBase"]
[SourceDate "2018.04.19"]
[SourceVersion "1"]
[SourceVersionDate "2018.04.19"]
[SourceQuality "1"]

1. e4 d5 2. exd5 Qxd5 3. Nc3 Qa5 4. Nf3 Nf6 5. Bc4 c6 6. a4 Qc7 7. 0-0 Bf5 8. d3 e6 9. h3 Bc5 10. Be3 Bxe3 11. fxe3 0-0 12. e4 Bg6 13. Qd2 Nbd7 14. Rae1 e5 15. Nh4 Bh5 16. d4 Qb6 17. Ne2 Nxe4 18. Qd3 Bxe2 19. Rxe2 Qxd4+ 20. Qxd4 exd4 21. Rxe4 c5 22. Ref4 Ne5 23. Bb3 c4 24. Ba2 Rae8 25. Rxd4 Rd8 26. Rxd8 Rxd8 27. Re1 f6 28. b3 Rd2 29. bxc4 Rxc2 30. Bb3 Rb2 31. Bd1 Rb1 32. Nf3 Nd3 33. Re8+ Kf7 34. Kf1 Kxe8 35. Ke2 Ne5 36. Bc2 Rb2 37. Kd2 Nxf3+ 38. gxf3 a5 39. Kd1 Rxc2 40. Kxc2 g5 41. Kd3 h5 42. Kd4 g4 43. hxg4 hxg4 44. fxg4 1/2-1/2

[Event "ROM-ch U10 Girls"]
[Site "Calimanesti"]
[Date "2018.04.01"]
[Round "7"]
[White "Dirle, Aleesia Stefania"]
[Black "Dumitrache, Elisa Andreea"]
[Result "1-0"]
[WhiteElo "1001"]
[BlackElo "1043"]
[PlyCount "91"]
[EventDate "2018.03.27"]
[EventType "swiss"]
[EventRounds "9"]
[EventCountry "ROU"]
[SourceTitle "CBM 183 Extra"]
[Source "ChessBase"]
[SourceDate "2018.04.19"]
[SourceVersion "1"]
[SourceVersionDate "2018.04.19"]
[SourceQuality "1"]

1. e4 e5 2. Nf3 Nc6 3. Nc3 Nf6 4. Bc4 Bc5 5. 0-0 d6 6. d3 Be6 7. Bxe6 fxe6 8. Bg5 d5 9. a3 Nd4 10. b4 Nxf3+ 11. Qxf3 Bd4 12. Bd2 Qd6 13. Nb5 dxe4 14. Nxd6+ cxd6 15. dxe4 Bxa1 16. Rxa1 d5 17. exd5 exd5 18. Bg5 0-0-0 19. Bxf6 gxf6 20. Qxf6 Rhe8 21. Qf5+ Rd7 22. c3 d4 23. cxd4 exd4 24. Rc1+ Kd8 25. Qf6+ Ree7 26. h3 d3 27. Rd1 Kc8 28. Qf5 Rf7 29. Qc5+ Kb8 30. Qc3 Rd6 31. Rxd3 Rc7 32. Qh8+ Rc8 33. Qxc8+ Kxc8 34. Rxd6 b5 35. g4 Kc7 36. Rh6 Kb7 37. g5 a6 38. Rxh7+ Kb6 39. g6 Kc6 40. g7 Kd5 41. g8Q+ Kd4 42. Qg4+ Kc3 43. Rf7 Kb3 44. Rf3+ Ka4 45. Qe6 a5 46. Qb3# 1-0

[Event "ROM-ch U10 Girls"]
[Site "Calimanesti"]
[Date "2018.03.31"]
[Round "6"]
[White "Kiss, Hanna"]
[Black "Dirle, Aleesia Stefania"]
[Result "1-0"]
[WhiteElo "1048"]
[BlackElo "1001"]
[PlyCount "71"]
[EventDate "2018.03.27"]
[EventType "swiss"]
[EventRounds "9"]
[EventCountry "ROU"]
[SourceTitle "CBM 183 Extra"]
[Source "ChessBase"]
[SourceDate "2018.04.19"]
[SourceVersion "1"]
[SourceVersionDate "2018.04.19"]
[SourceQuality "1"]

1. e4 d5 2. exd5 Qxd5 3. Nc3 Qa5 4. d4 c6 5. Nf3 Nf6 6. Bc4 Bf5 7. Bd2 e6 8. Nd5 Qd8 9. Nxf6+ gxf6 10. 0-0 Nd7 11. Re1 Bd6 12. d5 Qc7 13. g3 0-0-0 14. dxc6 Nb6 15. cxb7+ Kb8 16. Bb3 Rhg8 17. Kg2 Rg7 18. Bh6 Rg6 19. Be3 Rdg8 20. Bxb6 Qxb6 21. Nh4 Rg5 22. Nxf5 Rxf5 23. Re3 Rgg5 24. Qd3 Qc6+ 25. Kg1 Rg6 26. Rd1 Bc5 27. Qd8+ Kxb7 28. Rd7+ Ka6 29. Bc4+ Qb5 30. Bxb5+ Kxb5 31. Rb3+ Kc4 32. Rc3+ Kb5 33. Rb7+ Kc6 34. Qc7+ Kd5 35. Rxc5+ Kd4 36. Rb4# 1-0

[Event "ROM-ch U10 Girls"]
[Site "Calimanesti"]
[Date "2018.03.30"]
[Round "5"]
[White "Dirle, Aleesia Stefania"]
[Black "Moraru, Ana Alina"]
[Result "0-1"]
[WhiteElo "1001"]
[BlackElo "1101"]
[PlyCount "84"]
[EventDate "2018.03.27"]
[EventType "swiss"]
[EventRounds "9"]
[EventCountry "ROU"]
[SourceTitle "CBM 183 Extra"]
[Source "ChessBase"]
[SourceDate "2018.04.19"]
[SourceVersion "1"]
[SourceVersionDate "2018.04.19"]
[SourceQuality "1"]

1. e4 d6 2. d4 Nf6 3. Nc3 g6 4. Nf3 Bg7 5. Bf4 Nbd7 6. Bc4 0-0 7. 0-0 Re8 8. Ng5 e6 9. e5 dxe5 10. dxe5 Nh5 11. Qd2 Nxe5 12. Qxd8 Rxd8 13. g3 Nxf4 14. Be2 Nxe2+ 15. Nxe2 Nc4 16. Nc3 Nxb2 17. Ne2 Nc4 18. Rfd1 Bd7 19. Rd3 Bb5 20. Rxd8+ Rxd8 21. Re1 Nd2 22. h3 Bh6 23. h4 Bxg5 24. hxg5 Nf3+ 25. Kf1 Nxe1 26. Kxe1 Rd5 27. f4 e5 28. Nc3 Rc5 29. Kd2 exf4 30. gxf4 Bd7 31. Ne4 Rd5+ 32. Kc1 Kg7 33. Nf6 Rd6 34. Nxd7 Rxd7 35. Kb2 Rd4 36. c3 Rxf4 37. Kb3 Rf5 38. c4 Rxg5 39. a4 h5 40. Kb4 h4 41. a5 h3 42. c5 h2 0-1